| 000 | 004710000a22001930004500 | ||
|---|---|---|---|
| 001 | 001599 | ||
| 003 | MACL | ||
| 005 | 20151025160022.0 | ||
| 008 | 151025b xxu||||| |||| 00| 0 eng d | ||
| 040 |
_aMACL _cMACL |
||
| 041 | _aEnglish | ||
| 082 | _a954/EAS | ||
| 100 |
_aEaswaran, Eknath _916808 |
||
| 245 |
_aGandhin The Man _cEknath Easwaran |
||
| 260 |
_aMumbai _c1997 _bJaico Publishing House, |
||
| 350 | _a120 | ||
| 650 |
_aHistory _916809 |
||
| 942 |
_k954 _cBK _2ddc |
||
| 999 |
_c13519 _d13519 |
||